|
|
|
|
| LEADER |
00000nam0a2200000 4500 |
| 001 |
218747 |
| 005 |
20231031194938.0 |
| 035 |
|
|
|a (RuTPU)RU\TPU\book\238778
|
| 090 |
|
|
|a 218747
|
| 100 |
|
|
|a 20120625d1989 k y0rusy50 ca
|
| 101 |
0 |
|
|a rus
|
| 102 |
|
|
|a RU
|
| 105 |
|
|
|a a z 001zy
|
| 200 |
1 |
|
|a Оптимизация и повышение надежности систем электроснабжения
|e сборник научных трудов
|h Вып. 210
|f Московский энергетический институт; под ред. В. В. Шевченко
|
| 210 |
|
|
|a Москва
|c Изд-во МЭИ
|d 1989
|
| 215 |
|
|
|a 155 с.
|c ил.
|
| 225 |
1 |
|
|a Сборник научных трудов МЭИ
|x 0234-9124
|
| 320 |
|
|
|a Библиография в конце статей
|
| 610 |
1 |
|
|a электроснабжение
|
| 610 |
1 |
|
|a системы
|
| 610 |
1 |
|
|a надежность
|
| 610 |
1 |
|
|a оптимизация
|
| 610 |
1 |
|
|a повышение
|
| 610 |
1 |
|
|a электрическая энергия
|
| 610 |
1 |
|
|a потребление
|
| 610 |
1 |
|
|a промышленные сети
|
| 675 |
|
|
|a 621.31.031
|v 3
|
| 702 |
|
1 |
|a Шевченко
|b В. В.
|4 340
|
| 712 |
0 |
2 |
|a Московский энергетический институт (МЭИ)
|c (1930-1992)
|2 stltpush
|3 (RuTPU)RU\TPU\col\20092
|
| 801 |
|
1 |
|a RU
|b 63413507
|c 20120625
|
| 801 |
|
2 |
|a RU
|b 63413507
|c 20231011
|g RCR
|
| 942 |
|
|
|c BK
|